Cypriot Advent Antiphons (Record n. 104055)

Dettagli MARC
000 -LEADER
fixed length control field 01306njm a2200289Ia 4500
001 - CONTROL NUMBER
control field A3805
003 - CONTROL NUMBER IDENTIFIER
control field IT-RoPAU
005 - DATE AND TIME OF LATEST TRANSACTION
control field 20220918181217.0
008 - FIXED-LENGTH DATA ELEMENTS--GENERAL INFORMATION
fixed length control field 131025s9999 xx 000 0 und d
040 ## - CATALOGING SOURCE
Original cataloging agency IT-RoPAU
040 ## - CATALOGING SOURCE
Transcribing agency IT-RoPAU
999 ## - SYSTEM CONTROL NUMBERS (KOHA)
Koha Dewey Subclass [OBSOLETE] n.d.
100 ## - MAIN ENTRY--PERSONAL NAME
Personal name Anonimo
9 (RLIN) 883
100 ## - MAIN ENTRY--PERSONAL NAME
Relator term Autore musica
9 (RLIN) 28109
100 ## - MAIN ENTRY--PERSONAL NAME
Miscellaneous information Codice autore musica SPICS: 2620
9 (RLIN) 885
245 ## - TITLE STATEMENT
Title Cypriot Advent Antiphons
250 ## - EDITION STATEMENT
Edition statement 1a ed.
260 ## - PUBLICATION, DISTRIBUTION, ETC. (IMPRINT)
Place of publication, distribution, etc. GERMANY
260 ## - PUBLICATION, DISTRIBUTION, ETC. (IMPRINT)
Name of publisher, distributor, etc. DEUTSCHE GRAMMOPHON
Date of publication, distribution, etc. 1990 [1a Ed.:1990 - Ed. Lingua Orig.: 1390]
300 ## - PHYSICAL DESCRIPTION
Extent COMPACT DISC
500 ## - GENERAL NOTE
General note Musica religiosa, liturgica.
505 ## - FORMATTED CONTENTS NOTE
Formatted contents note Nos demoramur (O sapientia incarnata) - Pictor eterne syderum (O Adonay Domus Israel) - Cunti fundent precamina (O radix Yesse splendida) - Quis igitur (O clavis David aurea) - Veni splendor mirabilis (Lucis eterne splendor) - Quis possit dignexprimere (O rex virtutum gloria) - Magne virtutum conditor (O Emanuel rex noster) - Tu nati nata suscipe (O sacra Virgo virginum) - Homo mortalis firmiter (Hodie puer nascitur)
511 ## - PARTICIPANT OR PERFORMER NOTE
Participant or performer note Huelgas Ensemble Huelgas Schola diretta da Van Nevel Paul
650 ## - SUBJECT ADDED ENTRY--TOPICAL TERM
Topical term or geographic name as entry element LITURGICA [COMPACT DISC]
Relator term Codice MATERIA SPICS: 9949
9 (RLIN) 28110
700 ## - ADDED ENTRY--PERSONAL NAME
Personal name Van Nevel Paul
Miscellaneous information Codice interprete SPICS: 35247
Relator term Interprete
9 (RLIN) 28111
942 ## - ADDED ENTRY ELEMENTS (KOHA)
Koha item type CD AUDIO
Source of classification or shelving scheme Dewey Decimal Classification
Dati di copia
Withdrawn status Lost status Damaged status Not for loan Home library Current library Date acquired Total Checkouts Full call number Date last seen Price effective from Koha item type Public note
    Buone Condizioni Not For Loan SPICS-MEDIATECA SPICS-MEDIATECA 25/10/2013   A3805 25/10/2013 25/10/2013 CD AUDIO Progr. Ins.: 188 / N.Vol.: 1 / Copie: 1 - Copia rara: n.d. / date import: 01.01.2014 - By Epidotti, Trombetti, Vaglietti
CREDITS: SOCIETA' SAN PAOLO Via A.Severo, 58 - ROMA (RM) & PERIODICI SAN PAOLO SRL Via Giotto, 36 MILANO & CISF Via Giotto, 36 MILANO & EDIZIONI SAN PAOLO SRL,  Piazza Soncino, 5 CINISELLO BALSAMO (MI) -- ITALY